000 00500nam a2200193Ia 4500
005 20230823105925.0
008 131103s9999 xx 000 0 und d
040 _aLoreto College
041 _aEnglish
082 _aF
_bHUR
100 _aHurd,Douglas
245 _aSend him Victorious
_cDouglas Hurd and Andrew Osmond
260 _aLondon
_bCollins/Fontana Books
_c1968
300 _a224 p.
650 _aFiction in English
700 _aOsmond,Andrew;auth.
850 _aLCLIB
942 _cBK
999 _c14992
_d65471